Klasické a konštrukční součástky pro elektroniku : Sborník přeednášek z celostátní konference
Saved in:
| Format: | Book |
|---|---|
| Language: | Czech |
| Published: |
Pardubice :
ČSVTS,
1970
|
| Tags: |
No Tags, Be the first to tag this record!
|
MARC
| LEADER | 00000nam a22000003a 4500 | ||
|---|---|---|---|
| 001 | stu204580 | ||
| 005 | 20150408182718.6 | ||
| 008 | 100531s1970----cs------------------cze-d | ||
| 040 | |a STU |b slo | ||
| 041 | 0 | |a cze | |
| 044 | |a cs | ||
| 245 | |a Klasické a konštrukční součástky pro elektroniku : |b Sborník přeednášek z celostátní konference | ||
| 260 | |a Pardubice : |b ČSVTS, |c 1970 | ||
| 996 | |b E24381 |c E*24381 |l EE11 |s P |a 0 |w stu204580_0001 | ||